[Event "40th Capablanca Memorial"]
[Site "Havana CUB"]
[Date "2005.05.08"]
[Round "3"]
[White "Jobava, Baadur"]
[Black "Bruzon Batista, Lazaro"]
[Result "1/2-1/2"]
[WhiteElo "2637"]
[BlackElo "2669"]
[EventDate "2005.05.06"]
[PlyCount "157"]

1.d4 d5 2.c4 e6 3.Nc3 Nf6 4.Nf3 Nbd7 5.Bg5 Be7 6.e3 O-O 7.Qc2 c5 8.Rd1 Qa5
9.cxd5 Nxd5 10.Bxe7 Nxe7 11.Be2 Nf6 12.O-O Bd7 13.Ne5 cxd4 14.Nxd7 Nxd7 
15.Rxd4 Nf6 16.Bf3 Rab8 17.Qa4 Qxa4 18.Rxa4 a6 19.Rd1 Rfc8 20.g4 h6 21.Rd6
Rc7 22.Rb4 Nd7 23.Rbd4 Ne5 24.Be2 N5c6 25.Rd1 Nc8 26.R6d2 Nb6 27.Ne4 Kf8 
28.Nc5 Ke7 29.a3 Ne5 30.b4 Rbc8 31.a4 Nd5 32.f4 Nc6 33.b5 axb5 34.axb5 Nb8
35.Ne4 Nxe3 36.Re1 Nd5 37.f5 Rc1 38.Rxc1 Rxc1+ 39.Kf2 Nd7 40.fxe6 fxe6 41.
Ra2 N7f6 42.Nxf6 Kxf6 43.Ra7 b6 44.h4 Rc2 45.Ke1 Rc7 46.Ra6 Ke5 47.Kd2 Rc5
48.Ra7 Rc7 49.Ra6 Kd4 50.Ra4+ Kc5 51.g5 hxg5 52.hxg5 Nb4 53.Kc3 Nd5+ 54.
Kd2 e5 55.Ra8 e4 56.Ra4 Re7 57.Rc4+ Kd6 58.Rc6+ Ke5 59.Bc4 Rd7 60.Ke2 Rd6 
61.Bxd5 Kxd5 62.Rc1 Kd4 63.Rc6 Kd5 64.Rc1 Ke5 65.Rc7 g6 66.Rf7 Rd5 67.Rf6 
Rxb5 68.Rxg6 Kf4 69.Re6 Rb2+ 70.Kf1 Kf5 71.Re8 Rb4 72.Rg8 b5 73.g6 Kf6 74.
Ke2 Rb3 75.g7 Kf7 76.Re8 Kxg7 77.Rxe4 Kf6 78.Kd2 Kf5 79.Kc2 1/2-1/2

[Event "40th Capablanca Memorial"]
[Site "Havana CUB"]
[Date "2005.05.08"]
[Round "3"]
[White "Nogueiras Santiago, Jesus"]
[Black "Arencibia Rodriguez, Walter"]
[Result "1/2-1/2"]
[WhiteElo "2533"]
[BlackElo "2530"]
[EventDate "2005.05.06"]
[PlyCount "27"]

1.d4 d5 2.c4 dxc4 3.e3 Nf6 4.Bxc4 e6 5.Nf3 c5 6.O-O a6 7.Bb3 b5 8.Nc3 Bb7 
9.Qe2 Nbd7 10.Rd1 Qb8 11.d5 exd5 12.Nxd5 Nxd5 13.Bxd5 Bxd5 14.Rxd5 1/2-1/2

[Event "40th Capablanca Memorial"]
[Site "Havana CUB"]
[Date "2005.05.12"]
[Round "7"]
[White "Nogueiras Santiago, Jesus"]
[Black "Jobava, Baadur"]
[Result "1/2-1/2"]
[WhiteElo "2533"]
[BlackElo "2637"]
[EventDate "2005.05.06"]
[PlyCount "26"]

1.Nf3 d5 2.d4 Nf6 3.c4 e6 4.g3 Bb4+ 5.Bd2 Be7 6.Bg2 O-O 7.O-O Nbd7 8.Qc2 
c6 9.Bf4 Ne4 10.Nc3 g5 11.Be3 f5 12.Rad1 Nd6 13.b3 Nf7 1/2-1/2

[Event "40th Capablanca Memorial"]
[Site "Havana CUB"]
[Date "2005.05.13"]
[Round "8"]
[White "Arencibia Rodriguez, Walter"]
[Black "Jobava, Baadur"]
[Result "1-0"]
[WhiteElo "2530"]
[BlackElo "2637"]
[EventDate "2005.05.06"]
[PlyCount "99"]

1.d4 Nf6 2.Nf3 d5 3.c4 e6 4.Nc3 Bb4 5.cxd5 exd5 6.Qa4+ Nc6 7.Bg5 h6 8.Bxf6
Qxf6 9.e3 O-O 10.Be2 Be6 11.O-O a6 12.Rfc1 Bd6 13.Qd1 Ne7 14.Rab1 Rad8 15.
b4 c6 16.Na4 Bc8 17.Nc5 g5 18.a4 b5 19.Nd3 Ng6 20.Nfe1 Bb8 21.Rc3 Ne7 22.
Rbc1 Qd6 23.g3 Kg7 24.Nf3 f6 25.Nd2 Rd7 26.Nc5 Ra7 27.Ra3 Ng6 28.axb5 axb5
29.Rxa7+ Bxa7 30.Ndb3 Rf7 31.Qc2 Ne7 32.Ra1 Bb6 33.Bd3 Rf8 34.Qe2 g4 35.
Bc2 h5 36.h4 f5 37.Nd3 Be6 38.Nbc5 Rb8 39.Qd2 Bf7 40.Ra6 Qd8 41.Ne5 Ra8 
42.Nb7 Qc8 43.Rxb6 Qc7 44.e4 Qxb6 45.Qg5+ Ng6 46.Nd6 Qd8 47.Nxf5+ Kg8 48.
Qh6 Qf6 49.Nd7 Qh8 50.Ne7+ 1-0

[Event "40th Capablanca Memorial"]
[Site "Havana CUB"]
[Date "2005.05.13"]
[Round "8"]
[White "Nogueiras Santiago, Jesus"]
[Black "Delgado Ramirez, Neuris"]
[Result "1-0"]
[WhiteElo "2533"]
[BlackElo "2567"]
[EventDate "2005.05.06"]
[PlyCount "119"]

1.c4 e5 2.Nc3 Nf6 3.Nf3 Nc6 4.g3 Bb4 5.Bg2 O-O 6.O-O Re8 7.d3 h6 8.Nd5 
Nxd5 9.cxd5 Nd4 10.Nxd4 exd4 11.e4 a5 12.f4 c6 13.f5 Qf6 14.Qh5 cxd5 15.g4
Be7 16.e5 Qh4 17.Qxh4 Bxh4 18.Bf4 a4 19.Bxd5 Ra5 20.Bg2 Bg5 21.Rac1 b6 22.
Rc4 Be7 23.Rc7 Rc5 24.Ra7 b5 25.Rc1 Rxc1+ 26.Bxc1 Kf8 27.Bf4 Bg5 28.Bxg5 
hxg5 29.Ra8 Ke7 30.Kf2 f6 31.exf6+ gxf6 32.a3 Kd6 33.Rb8 Kc7 34.Rxb5 Re3 
35.Bf1 Bb7 36.Rb4 Rf3+ 37.Kg1 Rf4 38.h3 Bc6 39.Bg2 d5 40.b3 axb3 41.Rxb3 
Kd6 42.Rb2 Ba4 43.Rf2 Rxf2 44.Kxf2 Ke5 45.Kg3 Bc2 46.Bf1 Bd1 47.Kf2 Kf4 
48.Bg2 Bb3 49.Bf3 Ke5 50.Kg3 Bc2 51.Be2 Ba4 52.Kf3 Bc2 53.Kg3 Ba4 54.h4 
gxh4+ 55.Kxh4 Kf4 56.Kh5 Ke3 57.Bf1 Kf4 58.Kg6 Ke5 59.g5 Be8+ 60.Kg7 1-0

[Event "40th Capablanca Memorial"]
[Site "Havana CUB"]
[Date "2005.05.15"]
[Round "10"]
[White "Arencibia Rodriguez, Walter"]
[Black "Nogueiras Santiago, Jesus"]
[Result "1/2-1/2"]
[WhiteElo "2530"]
[BlackElo "2533"]
[EventDate "2005.05.06"]
[PlyCount "20"]

1.Nf3 Nf6 2.g3 b6 3.Bg2 Bb7 4.O-O e6 5.c4 Be7 6.Nc3 O-O 7.d4 Ne4 8.Nxe4 
Bxe4 9.Ne1 Bxg2 10.Nxg2 c5 1/2-1/2

[Event "40th Capablanca Memorial"]
[Site "Havana CUB"]
[Date "2005.05.19"]
[Round "14"]
[White "Jobava, Baadur"]
[Black "Nogueiras Santiago, Jesus"]
[Result "1-0"]
[WhiteElo "2637"]
[BlackElo "2533"]
[EventDate "2005.05.06"]
[PlyCount "57"]

1.d4 d5 2.c4 c6 3.Nc3 Nf6 4.Nf3 dxc4 5.a4 Bf5 6.Ne5 Nbd7 7.Nxc4 Nb6 8.Ne5 
a5 9.e3 g6 10.Bd3 Bxd3 11.Nxd3 Bg7 12.Qb3 O-O 13.O-O Nfd7 14.Ne2 e5 15.
dxe5 Nxe5 16.Nxe5 Bxe5 17.e4 Qc7 18.Be3 Nd7 19.f4 Bg7 20.e5 Kh8 21.Nc3 g5 
22.g3 gxf4 23.gxf4 Rae8 24.Rae1 Rg8 25.Kh1 Nf8 26.Ne4 Ng6 27.Nd6 Re7 28.
Bb6 Qd7 29.Nxf7+ 1-0